Neoprávnené skončenie pracovného pomeru
Neplatné skončenie pracovného pomeru zo strany zamestnávateľa upravuje ustanovenie paragrafu 79 zákona č. 311/2001 Z. z. Zákonníka práce v z. n. p. Ak sa zamestnanec cíti byť dotknutý nesprávnosťou právneho úkonu, ktorým došlo ku skončeniu pracovného pomeru, musí uplatniť svoje právo na príslušnom s...
Enregistré dans:
| Auteur principal: | |
|---|---|
| Format: | Chapitre de livre |
| Langue: | slovaque |
| Sujets: | |
| Tags: |
Pas de tags, Soyez le premier à ajouter un tag!
|
MARC
| LEADER | 00000naa a2200000 4500 | ||
|---|---|---|---|
| 001 | 0248635 | ||
| 005 | 20181106113215.3 | ||
| 041 | 0 | |a slo | |
| 044 | |a SK | ||
| 245 | 1 | 0 | |a Neoprávnené skončenie pracovného pomeru |c Marta Boráková |
| 520 | |a Neplatné skončenie pracovného pomeru zo strany zamestnávateľa upravuje ustanovenie paragrafu 79 zákona č. 311/2001 Z. z. Zákonníka práce v z. n. p. Ak sa zamestnanec cíti byť dotknutý nesprávnosťou právneho úkonu, ktorým došlo ku skončeniu pracovného pomeru, musí uplatniť svoje právo na príslušnom súde podaním žaloby o neplatnosť skončenia pracovného pomeru. Vyplatenie náhrady mzdy z dôvodu neplatne skončeného pracovného pomeru. Nárok na náhradu mzdy. Praktické príklady. | ||
| 610 | 2 | 0 | |a pomer pracovný |
| 610 | 2 | 0 | |a skončenie pomeru pracovného |
| 610 | 2 | 0 | |a náhrada mzdy |
| 610 | 2 | 0 | |a zamestnávatelia |
| 610 | 2 | 0 | |a zamestnanci |
| 610 | 2 | 0 | |a zákonník práce |
| 100 | 1 | |a Boráková, Marta | |